| 000 | 00501nam a22001817a 4500 | ||
|---|---|---|---|
| 003 | CEME | ||
| 005 | 20210628203917.0 | ||
| 008 | 210305b xxu||||| |||| 00| 0 eng d | ||
| 020 | _a981-214-290-8 | ||
| 040 | _c. | ||
| 082 | _a005.3 ALT'M | ||
| 100 |
_aAltman, Rick _967816 |
||
| 245 | _aMastering coral draws , covers all of the coral draw modulas with preview coverage of ventura5 | ||
| 250 | _aSPECIAL ED | ||
| 260 |
_aSINGAPORE _bTECH/SYBEX _c1995 |
||
| 300 | _aXIII,1006P | ||
| 942 |
_cBK _2ddc |
||
| 999 |
_c575517 _d575517 |
||